000 00304nam a22001337a 4500
008 181005b xxu||||| |||| 00| 0 eng d
020 _a9780943126234
041 _aeng
080 _23 ed
_a610
100 _a3
101 _aSHM
245 _aGuide For Adult Immunization
_cJames.k
942 _2udc
_cBK
999 _c48875
_d48875